Missing 'H' Acronyms Quiz Stats

 Plays Quiz Updated Dec 5, 2018

Support Sporcle.
Go Orange.
Score 0/30 Timer 04:00
6 Plays Today
% Correct
Hot
96.1%
Hand
95.3%
High
95.3%
Hydrogen
95.1%
Hockey
95%
Happens
94.9%
Honest|Humble
94.2%
Heaven
94.1%
Hampshire
93.3%
Hewlett
92.9%
Highway
92.1%
Houses
91.8%
Heart
91.7%
Home
91.2%
Health
89.5%
% Correct
Humphrey
89.4%
Hope
84.6%
Hyper
82.9%
Hairless
81.9%
Hormone
80.7%
Hits
79%
Holiday
78.5%
Hawaii
77.3%
Human
76.6%
Hitter
76.1%
Hydroxy
73.8%
Humanoid
72.4%
Housing
72%
Hominum
66.5%
Hue
52.4%

You're not logged in!

Compare scores with friends on all Sporcle quizzes.
OR
Log In
Forgot?

From the Vault

Celebrity Baseball Fans

by Noldeh

Sports 6m
They do call baseball America's pasttime. And American celebrities would probably be down for that.
Remove Ads.
Support Sporcle.
Get the best of Sporcle when you Go Orange. This ad-free experience offers more features, more stats, and more fun while also helping to support Sporcle. Thank you for becoming a member.

Show Comments

Extras

Top Quizzes Today


Score Distribution

Your Account Isn't Verified!

In order to create a playlist on Sporcle, you need to verify the email address you used during registration. Go to your Sporcle Settings to finish the process.

Report this User

Report this user for behavior that violates our Community Guidelines.

Details: